000 01642nam a2200325 i 4500
003 DO-SdBNP
005 20260323110347.0
007 ta
008 211021e2017 dr ab||er|||| 001 edspa d
010 _an 90715996
020 _a9789945410921
040 _aDO-SdBNP
_bspa
_cBNPHU
_erda
041 _aspa
082 4 _a361.1097293
_bN964a
_222
100 1 _aNúñez, Manuel,
_d1957-
_eautor
_4aut.
_92366
245 1 3 _aLa autodestrucción :
_bla descomposición de la sociedad dominicana /
_cManuel Núñez.
264 4 _aSanto Domingo, República Dominicana :
_bLetra Gráfica,
_c©2017.
300 _a758 páginas :
_bilustraciones, mapas ;
_c23 cm.
336 _atexto
_btxt
_2rdacontent
337 _asin mediación
_bn
_2rdamedia
338 _avolumen
_bnc
_2rdacarrier
500 _aIncluye índice onomástico.
500 _aIncluye datos biográficos del autor en las solapas de la cubierta
505 0 _aNotas preliminares. --
_tCronología de un año crucial 20015 y 20016. --
_tIntroducción. --
_tLo que queda de la República Dominicana.--
_tLa fabricación de una culpabilidad internacional.--
_tLa destrucción de la autoestima.--
_tEl silencio de los historiadores.--
_tLa nacionalidad se ha desconectado de la identidad nacional.--
_tLa descomposición de la sociedad dominicana.--
_tLa traición de las élites.--
_tPapel del intervencionismo internacional.--
_tEl escenario de la destrucción.
590 _aInventariado 2021 / MF
650 7 _aProblemas sociales
_99290
651 7 _aRepública Dominicana
_xCondiciones sociales
_946
_y1961-
_2LEMB
910 _aMF/Validado. Control de calidad MFF
942 _2ddc
_cLBS1
999 _c50803
_d50803